000 00463nam a22001817a 4500
003 MPLRDC
005 20220104123351.0
008 210129b ||||| |||| 00| 0 eng d
020 _a962-17-1494-X
082 _a857.621 HY-3 v.17
100 _a黄易
245 _a尔国临格. 下卷
_c
260 _a
_b博益出版集团有限公司
_c1995
300 _b
490 _a黄易玄幻系列. 17
650 _a玄幻小说
942 _cBK
_o857.621 HY-3 v.17
999 _c10853
_d10843